000 00357nam a22001457a 4500
005 20200530092617.0
008 200530b xxu||||| |||| 00| 0 eng d
041 _aeng
082 _a340
100 _aBARE ACT
_95744
245 _aTHE YOUNG PERSON ACT, 1956 (93-1991)
260 _aDELHI
_bPROFESSIONAL BOOK PUBLISHERS
650 _aLAW
_95701
942 _cBK
999 _c6627
_d6625